[Event "Calvia Amateur op 20th"]
[Site "Calvia"]
[Date "2023.10.11"]
[Round "5"]
[White "Torres Tur, Juan"]
[Black "Hristodorescu, Daniel"]
[Result "0-1"]
[WhiteElo "1913"]
[BlackElo "2134"]
[PlyCount "71"]
[EventDate "2023.10.07"]
[EventType "swiss"]
[EventRounds "9"]
[EventCountry "ESP"]
[SourceTitle "Mega2024 Update 01"]
[Source "Chessbase"]
[SourceDate "2023.11.12"]
[SourceVersion "1"]
[SourceVersionDate "2023.11.12"]
[SourceQuality "1"]

1. d4 Nf6 2. c4 g6 3. Nc3 Bg7 4. Nf3 0-0 5. Bg5 h6 6. Bh4 d6 7. e3 c5 8. Be2 Nbd7 9. 0-0 g5 10. Bg3 Nh5 11. d5 Nxg3 12. hxg3 Nf6 13. e4 a6 14. a4 e6 15. dxe6 Bxe6 16. Qc2 Qc7 17. Rad1 Rad8 18. Rd2 Bd7 19. Rfd1 Bc6 20. e5 dxe5 21. Rxd8 Rxd8 22. Rxd8+ Qxd8 23. Nxe5 Be8 24. Qd3 Qb6 25. Qd2 Qb4 26. Qc2 Nh7 27. Nf3 Nf8 28. Nd5 Qxb2 29. Qxb2 Bxb2 30. a5 Ne6 31. Nd2 Nd4 32. Bd1 Ne6 33. Nb3 Bd4 34. Nxd4 Nxd4 35. Nf6+ Kf8 36. Ne4 0-1

[Event "Andorra op 39th"]
[Site "Escaldes"]
[Date "2023.07.25"]
[Round "4"]
[White "Hristodorescu, Daniel"]
[Black "Martinez Pla, Xavier"]
[Result "1-0"]
[WhiteElo "2104"]
[BlackElo "2268"]
[PlyCount "96"]
[EventDate "2023.07.22"]
[EventType "swiss"]
[EventRounds "9"]
[EventCountry "AND"]
[SourceTitle "CBM 215 Extra"]
[Source "ChessBase"]
[SourceDate "2023.09.30"]
[SourceVersion "1"]
[SourceVersionDate "2023.09.30"]
[SourceQuality "1"]

1. e4 c5 2. Nf3 e6 3. d4 cxd4 4. Nxd4 Nc6 5. Nc3 Qc7 6. Be3 a6 7. g4 b5 8. Nxc6 Qxc6 9. Bg2 Bb7 10. a3 Rc8 11. 0-0 h6 12. Bd4 Nf6 13. Re1 Be7 14. Qf3 d6 15. Rad1 0-0 16. h4 Nd7 17. Qg3 Qc7 18. g5 hxg5 19. hxg5 g6 20. Qh4 e5 21. Be3 Rfe8 22. Bh3 Bf8 23. Nd5 Bxd5 24. Rxd5 Rcd8 25. Bxd7 Rxd7 26. c3 Qb7 27. Kg2 Qc6 28. Rh1 Bg7 29. Qh7+ Kf8 30. Rhd1 Re6 31. f3 Rd8 32. R1d2 Rd7 33. a4 bxa4 34. Bc5 Rd8 35. Ba3 Rd7 36. R2d3 Rd8 37. Kg3 Qb6 38. Bc5 Qc6 39. c4 Rd7 40. Ba3 Qb6 41. c5 Qc6 42. Rc3 Qb5 43. Rcd3 Qc6 44. Rxd6 Rexd6 45. cxd6 Qa8 46. Qh1 Kg8 47. Qc1 Bf8 48. Rc3 Qe8 1-0

[Event "Calvia Amateur op 19th"]
[Site "Calvia"]
[Date "2022.10.10"]
[Round "3"]
[White "Eijk, Yuri"]
[Black "Hristodorescu, Daniel"]
[Result "0-1"]
[WhiteElo "1965"]
[BlackElo "2118"]
[PlyCount "52"]
[EventDate "2022.10.08"]
[EventType "swiss"]
[EventRounds "9"]
[EventCountry "ESP"]
[SourceTitle "CBM 210 Extra"]
[Source "ChessBase"]
[SourceDate "2022.11.30"]
[SourceVersion "1"]
[SourceVersionDate "2022.11.30"]
[SourceQuality "1"]

1. d4 Nf6 2. c4 e6 3. Nc3 Bb4 4. Qc2 0-0 5. e4 Bxc3+ 6. bxc3 d6 7. Bg5 h6 8. Bh4 e5 9. Bd3 exd4 10. cxd4 c5 11. d5 g5 12. Bg3 Re8 13. f3 Nh5 14. Ne2 Qf6 15. Qc3 Qe7 16. 0-0 Nd7 17. Bf2 Ne5 18. Rae1 Nf4 19. Bc2 b6 20. Be3 Qf6 21. Kh1 Ba6 22. Bb3 Kg7 23. g3 Nxe2 24. Rxe2 Nxc4 25. Qxf6+ Kxf6 26. Rc1 Ne5 0-1

[Event "Barcelona Ciutat op"]
[Site "Barcelona"]
[Date "2021.08.19"]
[Round "2"]
[White "Hristodorescu, Daniel"]
[Black "Praggnanandhaa, Rameshbabu"]
[Result "0-1"]
[WhiteElo "2211"]
[BlackElo "2608"]
[PlyCount "73"]
[EventDate "2021.08.18"]
[EventType "swiss"]
[EventRounds "9"]
[EventCountry "ESP"]
[SourceTitle "CBM 204 Extra"]
[Source "ChessBase"]
[SourceDate "2021.11.30"]
[SourceVersion "1"]
[SourceVersionDate "2021.11.30"]
[SourceQuality "1"]

1. e4 c5 2. Nf3 d6 3. c3 Nf6 4. h3 Nc6 5. d3 g6 6. Be2 Bg7 7. 0-0 0-0 8. Nbd2 e5 9. Nh2 h6 10. a3 Be6 11. b4 b5 12. a4 a6 13. bxc5 dxc5 14. axb5 axb5 15. Rxa8 Qxa8 16. Nb3 Nd7 17. Bg4 f5 18. exf5 gxf5 19. Bf3 Qc8 20. Re1 Kh8 21. Ba3 b4 22. cxb4 cxb4 23. Bb2 Ne7 24. Nd4 Bg8 25. Qd2 b3 26. Rc1 Qe8 27. Nc6 Ng6 28. d4 e4 29. Bh5 Nf6 30. Bxg6 Qxg6 31. Ne7 Qf7 32. Nxf5 e3 33. Nxe3 Ne4 34. Qe2 Qxf2+ 35. Qxf2 Rxf2 36. Nd1 Rxb2 37. Ra1 0-1

[Event "Titled Tuesday intern op 13th July"]
[Site "Chess.com INT"]
[Date "2021.07.13"]
[Round "6"]
[White "Hamley, Ryan"]
[Black "Hristodorescu, Daniel"]
[Result "1-0"]
[WhiteElo "2039"]
[BlackElo "2211"]
[PlyCount "93"]
[EventDate "2021.07.13"]
[EventType "swiss (blitz)"]
[EventRounds "11"]
[EventCountry "USA"]
[SourceTitle "CBM 203 Extra"]
[Source "ChessBase"]
[SourceDate "2021.09.30"]
[SourceVersion "1"]
[SourceVersionDate "2021.09.30"]
[SourceQuality "1"]

1. e4 e5 2. Nf3 Nc6 3. d4 exd4 4. Nxd4 Nf6 5. Nxc6 bxc6 6. e5 Ne4 7. Bd3 Nc5 8. Be2 d5 9. exd6 cxd6 10. 0-0 Be7 11. Be3 d5 12. c4 0-0 13. Qc2 Ne6 14. Rd1 d4 15. Bf3 Qb6 16. Bc1 Bf6 17. Nd2 Ng5 18. Be2 Re8 19. Bd3 g6 20. Nf1 c5 21. Bf4 Ne6 22. Bd2 Bb7 23. Re1 Rab8 24. b3 Qc6 25. f3 Qd6 26. Qc1 Bg7 27. Ng3 f5 28. Rb1 Qc6 29. Qc2 Qc7 30. b4 Nf4 31. bxc5 Nxd3 32. Qxd3 Qxc5 33. Rxe8+ Rxe8 34. Rxb7 f4 35. Ne4 Qc6 36. Rb1 Rc8 37. Rc1 Qa4 38. Qb3 Qc6 39. h3 Kh8 40. Bxf4 h6 41. Qd3 Kh7 42. Bg3 Qd7 43. Bf2 Qf5 44. c5 Rc6 45. Bxd4 Qd5 46. Rd1 Qxa2 47. Bxg7 1-0

[Event "Titled Tuesday intern op 13th July"]
[Site "Chess.com INT"]
[Date "2021.07.13"]
[Round "10"]
[White "Hristodorescu, Daniel"]
[Black "Chen, Max"]
[Result "1/2-1/2"]
[WhiteElo "2211"]
[BlackElo "1997"]
[PlyCount "171"]
[EventDate "2021.07.13"]
[EventType "swiss (blitz)"]
[EventRounds "11"]
[EventCountry "USA"]
[SourceTitle "CBM 203 Extra"]
[Source "ChessBase"]
[SourceDate "2021.09.30"]
[SourceVersion "1"]
[SourceVersionDate "2021.09.30"]
[SourceQuality "1"]

1. e4 c6 2. Nc3 d5 3. Nf3 dxe4 4. Nxe4 Nf6 5. Ng3 g6 6. d4 Bg7 7. Bg5 0-0 8. Qd2 Qc7 9. 0-0-0 c5 10. Bh6 cxd4 11. Bxg7 Kxg7 12. Nxd4 Nc6 13. h4 h5 14. Nxc6 Qxc6 15. Qg5 Be6 16. Kb1 Qa4 17. b3 Qg4 18. Qxg4 Nxg4 19. Rd2 Rfd8 20. Bd3 f5 21. Re1 Kf6 22. f3 Nh6 23. Rde2 Rd6 24. Nf1 Re8 25. Nd2 Bd5 26. Kb2 e5 27. Bc4 Nf7 28. g4 hxg4 29. fxg4 e4 30. Rf1 Bxc4 31. Nxc4 Rd5 32. Ne3 Rde5 33. Ref2 Nd6 34. h5 Kg5 35. hxg6 fxg4 36. Rf4 Kxg6 37. Rxg4+ Kh6 38. Rh1+ Rh5 39. Rhg1 Re6 40. Rg8 Nf7 41. R8g7 Rf6 42. R7g4 Ng5 43. Nd5 Rd6 44. Nf4 Nf3 45. Rg6+ Rxg6 46. Rxg6+ Kh7 47. Re6 Rf5 48. Rxe4 Rf7 49. Nd3 Ng5 50. Rh4+ Kg7 51. a4 Rf5 52. Rg4 Kf6 53. c4 Ne6 54. Kc3 Rf3 55. c5 Nxc5 56. Rf4+ Rxf4 57. Nxf4 Ke5 58. Kc4 Nxa4 59. Nd3+ Ke4 60. Nf2+ Kf3 61. Nd3 Nb6+ 62. Kc5 Ke4 63. Nb4 Ke5 64. Nd3+ Ke6 65. b4 Nd7+ 66. Kc4 Kd6 67. Nf4 Ne5+ 68. Kd4 Nc6+ 69. Kc4 Ne7 70. b5 b6 71. Nd3 Nf5 72. Nb4 Kc7 73. Nc6 Nd6+ 74. Kb4 Kb7 75. Nd4 Kc7 76. Kc3 Nb7 77. Kd3 Nc5+ 78. Kc4 Kb7 79. Kd5 Nd7 80. Kd6 Nb8 81. Ke7 Kc7 82. Ne6+ Kc8 83. Kd6 a5 84. bxa6 Nxa6 85. Kc6 Nc7 86. Kxb6 1/2-1/2

[Event "Titled Tuesday intern op 13th July"]
[Site "Chess.com INT"]
[Date "2021.07.13"]
[Round "8"]
[White "Sliwicki, Damian"]
[Black "Hristodorescu, Daniel"]
[Result "0-1"]
[WhiteElo "2168"]
[BlackElo "2211"]
[PlyCount "146"]
[EventDate "2021.07.13"]
[EventType "swiss (blitz)"]
[EventRounds "11"]
[EventCountry "USA"]
[SourceTitle "CBM 203 Extra"]
[Source "ChessBase"]
[SourceDate "2021.09.30"]
[SourceVersion "1"]
[SourceVersionDate "2021.09.30"]
[SourceQuality "1"]

1. e4 e5 2. Nf3 Nc6 3. d4 exd4 4. Bc4 Nf6 5. 0-0 Be7 6. e5 Ne4 7. Nxd4 Nxe5 8. Nf5 0-0 9. Qd4 Bf6 10. Qxe4 d5 11. Nh6+ gxh6 12. Bxd5 c6 13. Bb3 Bg7 14. Bxh6 Bxh6 15. Qxe5 Bg7 16. Qg3 Kh8 17. Nc3 f5 18. Rad1 Qf6 19. Rfe1 a5 20. a4 f4 21. Qf3 Qg6 22. Ne4 Bg4 23. Qd3 Bxd1 24. Rxd1 f3 25. g3 Qh5 26. Nd6 Qh3 27. Qf1 Qxf1+ 28. Kxf1 Bxb2 29. Rd3 b5 30. axb5 a4 31. Ba2 cxb5 32. Nxb5 Rad8 33. Nd6 Kg7 34. Nf5+ Kf6 35. Ne3 Rxd3 36. cxd3 Rc8 37. Ke1 Rc1+ 38. Kd2 a3 39. Nc4 Rh1 40. Ke3 Rxh2 41. Kxf3 Bd4 42. Nxa3 Rxf2+ 43. Ke4 Rxa2 44. Nc4 Bg1 45. g4 Re2+ 46. Kf3 Rc2 47. Nd6 Ke5 48. Ne4 Kd4 49. g5 Be3 50. Nd6 Bxg5 51. Nf5+ Kxd3 52. Kg4 h6 53. Kh5 Rc4 54. Ne7 Re4 55. Nf5 Re1 56. Ng3 Ke3 57. Nf5+ Kf4 58. Nd4 Rh1+ 59. Kg6 h5 60. Ne6+ Ke5 61. Nxg5 h4 62. Kh5 Kf4 63. Ne6+ Kg3 64. Ng5 h3 65. Ne4+ Kg2 66. Kg4 h2 67. Ng3 Ra1 68. Ne2 Ra4+ 69. Nf4+ Rxf4+ 70. Kg5 h1Q 71. Kg6 Qh4 72. Kg7 Qg5+ 73. Kh7 Rh4# 0-1

[Event "Titled Tuesday intern op 08th June"]
[Site "Chess.com INT"]
[Date "2021.06.08"]
[Round "4"]
[White "Derjabin, Ilja"]
[Black "Hristodorescu, Daniel"]
[Result "0-1"]
[WhiteElo "2353"]
[BlackElo "2211"]
[PlyCount "104"]
[EventDate "2021.06.08"]
[EventType "swiss (blitz)"]
[EventRounds "11"]
[EventCountry "USA"]
[SourceTitle "CBM 202 Extra"]
[Source "ChessBase"]
[SourceDate "2021.07.31"]
[SourceVersion "1"]
[SourceVersionDate "2021.07.31"]
[SourceQuality "1"]

1. d4 Nf6 2. c4 g6 3. Nc3 Bg7 4. e4 0-0 5. Nge2 d6 6. Ng3 c5 7. d5 e6 8. Be2 exd5 9. cxd5 Re8 10. 0-0 h5 11. Bg5 a6 12. a4 Nbd7 13. f4 Qb6 14. Qd2 Nh7 15. Bh4 Ndf6 16. h3 Bd7 17. Kh1 Qb4 18. Qc2 b5 19. axb5 axb5 20. Rxa8 Rxa8 21. e5 dxe5 22. fxe5 Qxh4 23. exf6 Nxf6 24. Nge4 c4 25. Bf3 b4 26. Nxf6+ Bxf6 27. Ne4 Be5 28. Qxc4 Bxh3 29. Nf6+ Bxf6 30. Qxh4 Bxg2+ 31. Kxg2 Bxh4 32. d6 Rd8 33. Rd1 Bf6 34. b3 Be5 35. d7 f5 36. Re1 Bf6 37. Bc6 Kg7 38. Rf1 h4 39. Kh3 Be7 40. Re1 Bf6 41. Bb5 g5 42. Rf1 g4+ 43. Kh2 Be5+ 44. Kg2 f4 45. Re1 f3+ 46. Kh1 Kf6 47. Rc1 g3 48. Rc8 Kf5 49. Rxd8 g2+ 50. Kg1 Bd4+ 51. Kh2 g1Q+ 52. Kh3 Qg3# 0-1

[Event "Titled Tuesday intern op 08th June"]
[Site "Chess.com INT"]
[Date "2021.06.08"]
[Round "3"]
[White "Hristodorescu, Daniel"]
[Black "Gurevich, Dmitry"]
[Result "1-0"]
[WhiteElo "2211"]
[BlackElo "2399"]
[PlyCount "49"]
[EventDate "2021.06.08"]
[EventType "swiss (blitz)"]
[EventRounds "11"]
[EventCountry "USA"]
[SourceTitle "CBM 202 Extra"]
[Source "ChessBase"]
[SourceDate "2021.07.31"]
[SourceVersion "1"]
[SourceVersionDate "2021.07.31"]
[SourceQuality "1"]

1. e4 c5 2. Nf3 d6 3. d4 cxd4 4. Nxd4 Nf6 5. Nc3 Nc6 6. f4 g6 7. Nf3 Bg7 8. Bd3 0-0 9. 0-0 a6 10. a4 b6 11. Be3 Rb8 12. Qe1 e5 13. fxe5 dxe5 14. Qh4 Ng4 15. Bg5 f6 16. Bd2 h5 17. Nd5 Be6 18. c4 Ne7 19. h3 Nh6 20. Bxh6 Bxh6 21. Nxf6+ Kg7 22. Nd5 Nc6 23. Qg3 Bxd5 24. exd5 Bf4 25. Qxg6+ 1-0

[Event "Titled Tuesday intern op 08th June"]
[Site "Chess.com INT"]
[Date "2021.06.08"]
[Round "6"]
[White "Hristodorescu, Daniel"]
[Black "Ivanov, Mike"]
[Result "0-1"]
[WhiteElo "2211"]
[BlackElo "2195"]
[PlyCount "41"]
[EventDate "2021.06.08"]
[EventType "swiss (blitz)"]
[EventRounds "11"]
[EventCountry "USA"]
[SourceTitle "CBM 202 Extra"]
[Source "ChessBase"]
[SourceDate "2021.07.31"]
[SourceVersion "1"]
[SourceVersionDate "2021.07.31"]
[SourceQuality "1"]

1. e4 e6 2. d4 d5 3. Nc3 Bb4 4. Nge2 Nc6 5. Be3 Nge7 6. a3 Ba5 7. b4 Bb6 8. Na4 0-0 9. Nxb6 axb6 10. e5 Nf5 11. Ng3 Nxe3 12. fxe3 f6 13. exf6 Qxf6 14. Qd2 e5 15. c3 exd4 16. cxd4 Bg4 17. Bb5 Nxb4 18. Rf1 Qd6 19. Qxb4 Qxb4+ 20. axb4 Rxa1+ 21. Kd2 0-1

[Event "Titled Tuesday intern op 08th June"]
[Site "Chess.com INT"]
[Date "2021.06.08"]
[Round "11"]
[White "Hristodorescu, Daniel"]
[Black "Lehtosaari, Mauri"]
[Result "0-1"]
[WhiteElo "2211"]
[BlackElo "2199"]
[PlyCount "100"]
[EventDate "2021.06.08"]
[EventType "swiss (blitz)"]
[EventRounds "11"]
[EventCountry "USA"]
[SourceTitle "CBM 202 Extra"]
[Source "ChessBase"]
[SourceDate "2021.07.31"]
[SourceVersion "1"]
[SourceVersionDate "2021.07.31"]
[SourceQuality "1"]

1. e4 c5 2. Nf3 e6 3. d3 Nc6 4. Nbd2 d6 5. g3 g6 6. Bg2 Bg7 7. 0-0 Nge7 8. c3 0-0 9. h4 h6 10. Nh2 b6 11. Nc4 Bb7 12. Ng4 Kh7 13. f4 h5 14. Nh2 d5 15. exd5 exd5 16. Nd2 Nf5 17. Qf3 Rb8 18. Bh3 Nce7 19. Qf2 d4 20. c4 Ne3 21. Ndf3 Nxf1 22. Kxf1 Kg8 23. Bd2 Re8 24. Ng5 Bc8 25. Bg2 Nf5 26. Bd5 Re7 27. Nhf3 Bb7 28. Bxb7 Rbxb7 29. Ne4 Nh6 30. f5 Nxf5 31. Bg5 Ne3+ 32. Kg1 Qd7 33. Bxe7 Qxe7 34. Nfg5 f5 35. Nd2 Ng4 36. Qf3 Bf6 37. Nh3 Qe3+ 38. Qxe3 dxe3 39. Nf3 Rd7 40. Nf4 Kg7 41. Rb1 Be5 42. Nxe5 Nxe5 43. Nd5 Nxd3 44. Nxe3 Ne5 45. b3 Rd2 46. a4 Nf3+ 47. Kf1 Kf6 48. Nd5+ Rxd5 49. cxd5 Nd2+ 50. Ke2 Nxb1 0-1

[Event "Titled Tuesday intern op 08th June"]
[Site "Chess.com INT"]
[Date "2021.06.08"]
[Round "8"]
[White "Hristodorescu, Daniel"]
[Black "Leve, Nitai D"]
[Result "1-0"]
[WhiteElo "2211"]
[BlackElo "2128"]
[PlyCount "115"]
[EventDate "2021.06.08"]
[EventType "swiss (blitz)"]
[EventRounds "11"]
[EventCountry "USA"]
[SourceTitle "CBM 202 Extra"]
[Source "ChessBase"]
[SourceDate "2021.07.31"]
[SourceVersion "1"]
[SourceVersionDate "2021.07.31"]
[SourceQuality "1"]

1. e4 e6 2. d3 b6 3. Nd2 Bb7 4. f4 d5 5. e5 c5 6. Ngf3 d4 7. c4 Ne7 8. Ne4 Nf5 9. g4 Nh4 10. Be2 Nxf3+ 11. Bxf3 Qh4+ 12. Ng3 Nc6 13. 0-0 Be7 14. a3 0-0-0 15. b4 g5 16. b5 Na5 17. f5 h5 18. Bxb7+ Nxb7 19. Nxh5 exf5 20. Rxf5 Rxh5 21. gxh5 Rh8 22. Ra2 Rxh5 23. Rg2 g4 24. Rxh5 Qxh5 25. Qxg4+ Qxg4 26. Rxg4 Kd7 27. h4 Ke6 28. h5 Kxe5 29. h6 Bf6 30. Rg7 Nd6 31. Bg5 Nf5 32. Rxf7 Bxg5 33. h7 Nd6 34. h8Q+ Ke6 35. Qg8 Be3+ 36. Kg2 Nxf7 37. Qe8+ Kf6 38. Qc6+ Kf5 39. Qd5+ Ne5 40. Qe4+ Kf6 41. Kh3 Ng6 42. Qf3+ Kg5 43. Qg3+ Kf5 44. Qf3+ Bf4 45. Qd5+ Be5 46. Qf7+ Kg5 47. Qxa7 Nf4+ 48. Kh2 Nxd3+ 49. Kh1 Nf2+ 50. Kg2 Ne4 51. Qxb6 d3 52. Qd8+ Kf4 53. Qxd3 Ng5 54. Qd2+ Kf5 55. Qd3+ Ne4 56. a4 Kf4 57. Qf3+ Kg5 58. Qxe4 1-0

[Event "Titled Tuesday intern op 01st June"]
[Site "Chess.com INT"]
[Date "2021.06.01"]
[Round "2"]
[White "Hristodorescu, Daniel"]
[Black "Bodi, Tibor"]
[Result "0-1"]
[WhiteElo "2211"]
[BlackElo "2374"]
[PlyCount "108"]
[EventDate "2021.06.01"]
[EventType "swiss (blitz)"]
[EventRounds "11"]
[EventCountry "USA"]
[SourceTitle "CBM 202 Extra"]
[Source "ChessBase"]
[SourceDate "2021.07.31"]
[SourceVersion "1"]
[SourceVersionDate "2021.07.31"]
[SourceQuality "1"]

1. e4 Nf6 2. Nc3 d5 3. e5 Ne4 4. Bd3 Nc5 5. Be2 d4 6. Nb5 a6 7. Na3 d3 8. cxd3 Nxd3+ 9. Bxd3 Qxd3 10. Qe2 Qd5 11. Nf3 Bg4 12. d4 Nc6 13. Nc2 e6 14. 0-0 Bxf3 15. Qxf3 Qxf3 16. gxf3 0-0-0 17. Be3 Ne7 18. Rac1 Nd5 19. Rfd1 b6 20. Kf1 Be7 21. Ke2 Rd7 22. a3 a5 23. Ne1 Kb7 24. Rc2 Rhd8 25. Rdc1 f6 26. f4 g5 27. exf6 Bxf6 28. fxg5 Nxe3 29. fxe3 Bxg5 30. Nf3 Bf6 31. e4 Bxd4 32. Nxd4 Rxd4 33. Rxc7+ Ka6 34. Ke3 Rd3+ 35. Kf4 Rh3 36. Re7 Rxh2 37. a4 Rxb2 38. Rcc7 Ra8 39. Rxe6 Rb4 40. Rcc6 Rb8 41. Rh6 Rb7 42. Kf5 Rxa4 43. e5 Ra1 44. Rh4 Rf1+ 45. Rf4 Rxf4+ 46. Kxf4 Kb5 47. Rc1 a4 48. e6 a3 49. Kf5 Ka4 50. Kf6 a2 51. Rc8 Kb3 52. Ra8 Kb2 53. e7 Rxe7 54. Kxe7 a1Q 0-1

[Event "Titled Tuesday intern op 01st June"]
[Site "Chess.com INT"]
[Date "2021.06.01"]
[Round "1"]
[White "Hristodorescu, Daniel"]
[Black "Garcia Garcia, Alejandro"]
[Result "1/2-1/2"]
[WhiteElo "2211"]
[BlackElo "2247"]
[PlyCount "135"]
[EventDate "2021.06.01"]
[EventType "swiss (blitz)"]
[EventRounds "11"]
[EventCountry "USA"]
[SourceTitle "CBM 202 Extra"]
[Source "ChessBase"]
[SourceDate "2021.07.31"]
[SourceVersion "1"]
[SourceVersionDate "2021.07.31"]
[SourceQuality "1"]

1. e4 c5 2. Nf3 e6 3. d3 Nc6 4. Nbd2 g6 5. g3 Bg7 6. Bg2 Nge7 7. 0-0 0-0 8. c3 d5 9. Re1 b5 10. e5 Nf5 11. Nb3 c4 12. Nbd4 Nfxd4 13. Nxd4 Nxe5 14. Rxe5 Bxe5 15. Nc6 Qc7 16. Nxe5 Qxe5 17. Bh6 Bd7 18. d4 Qd6 19. Qf3 f6 20. Bxf8 Rxf8 21. a3 Kg7 22. Re1 a5 23. h4 b4 24. axb4 axb4 25. Bh3 bxc3 26. bxc3 e5 27. Bxd7 Qxd7 28. dxe5 fxe5 29. Qe3 Qf5 30. Qxe5+ Qxe5 31. Rxe5 Rf3 32. Re3 Rf7 33. f4 Kf6 34. h5 Ra7 35. hxg6 hxg6 36. Kf2 Ra1 37. g4 Rg1 38. Re5 Rd1 39. Kf3 Rd3+ 40. Re3 Rd2 41. g5+ Kf7 42. Re2 Rd3+ 43. Re3 Rd1 44. Re5 Rc1 45. Re3 Rc2 46. Kg3 Rc1 47. Kf3 Rf1+ 48. Ke2 Rxf4 49. Re5 Rf5 50. Rxf5+ gxf5 51. Ke3 Kg6 52. Kf4 d4 53. cxd4 c3 54. Ke3 Kxg5 55. Kd3 Kg4 56. d5 f4 57. d6 f3 58. d7 f2 59. d8Q f1Q+ 60. Kxc3 Qf3+ 61. Qd3 Qf8 62. Qd4+ Kf5 63. Qd3+ Ke6 64. Qc4+ Kd7 65. Qd5+ Kc7 66. Qc4+ Kb6 67. Qb4+ Qxb4+ 68. Kxb4 1/2-1/2

[Event "Titled Tuesday intern op 01st June"]
[Site "Chess.com INT"]
[Date "2021.06.01"]
[Round "8"]
[White "Kislov, Oleg"]
[Black "Hristodorescu, Daniel"]
[Result "1-0"]
[WhiteElo "2249"]
[BlackElo "2211"]
[PlyCount "92"]
[EventDate "2021.06.01"]
[EventType "swiss (blitz)"]
[EventRounds "11"]
[EventCountry "USA"]
[SourceTitle "CBM 202 Extra"]
[Source "ChessBase"]
[SourceDate "2021.07.31"]
[SourceVersion "1"]
[SourceVersionDate "2021.07.31"]
[SourceQuality "1"]

1. e4 e5 2. Nf3 Nc6 3. d4 exd4 4. Nxd4 Nf6 5. Nc3 Bb4 6. Nxc6 bxc6 7. Bd3 d5 8. exd5 cxd5 9. 0-0 0-0 10. Bg5 h6 11. Bxf6 Qxf6 12. Nxd5 Qd6 13. a3 Bc5 14. Be4 c6 15. Nc3 Qf6 16. Bf3 Ba6 17. Ne4 Qe7 18. Re1 Bb6 19. Qd6 Qxd6 20. Nxd6 Rad8 21. Rad1 c5 22. Be2 Ba5 23. c3 Bxe2 24. Rxe2 Rd7 25. Red2 Rfd8 26. Nc4 Rxd2 27. Rxd2 Rxd2 28. Nxd2 Kf8 29. Nc4 Bc7 30. g3 Ke7 31. Kf1 Ke6 32. Ke2 f5 33. Kd3 g5 34. Nd2 Kd5 35. b4 cxb4 36. axb4 h5 37. c4+ Ke5 38. Nf3+ Kf6 39. Kd4 f4 40. Ke4 g4 41. Nd4 fxg3 42. hxg3 Bb6 43. c5 Bc7 44. Nb5 Bb8 45. c6 a6 46. c7 Bxc7 1-0

[Event "Titled Tuesday intern op 02nd Mar"]
[Site "Chess.com INT"]
[Date "2021.03.02"]
[Round "6"]
[White "Jakubowska, Anna"]
[Black "Hristodorescu, Daniel"]
[Result "1-0"]
[WhiteElo "2073"]
[BlackElo "2211"]
[PlyCount "57"]
[EventDate "2021.03.02"]
[EventType "swiss (blitz)"]
[EventRounds "11"]
[EventCountry "USA"]
[SourceTitle "CBM 201 Extra"]
[Source "ChessBase"]
[SourceDate "2021.05.31"]
[SourceVersion "1"]
[SourceVersionDate "2021.05.31"]
[SourceQuality "1"]

1. e4 e5 2. Nf3 Nc6 3. Bb5 a6 4. Ba4 Nf6 5. 0-0 Be7 6. Re1 b5 7. Bb3 d6 8. h3 0-0 9. c3 Na5 10. Bc2 c5 11. d4 Nd7 12. Nbd2 cxd4 13. cxd4 Nc6 14. Nf1 Bf6 15. Be3 exd4 16. Nxd4 Nde5 17. b3 Bb7 18. Rc1 Rc8 19. Nf5 Nb4 20. Bb1 Rxc1 21. Bxc1 d5 22. a3 Nbc6 23. exd5 Na5 24. Bb2 Nd7 25. Bxf6 Qxf6 26. N1g3 g6 27. Nh6+ Kg7 28. Ng4 Qb2 29. Re7 1-0

[Event "Titled Tuesday intern op 02nd Feb"]
[Site "Chess.com INT"]
[Date "2021.02.02"]
[Round "4"]
[White "Hristodorescu, Daniel"]
[Black "Vitenberg, Noam Aviv"]
[Result "0-1"]
[WhiteElo "2211"]
[BlackElo "2320"]
[PlyCount "68"]
[EventDate "2021.02.02"]
[EventType "swiss (blitz)"]
[EventRounds "11"]
[EventCountry "USA"]
[SourceTitle "CBM 200 Extra"]
[Source "ChessBase"]
[SourceDate "2021.03.31"]
[SourceVersion "1"]
[SourceVersionDate "2021.03.31"]
[SourceQuality "1"]

1. e4 d5 2. Nc3 d4 3. Nce2 e5 4. Ng3 Be6 5. c3 c5 6. Bb5+ Nd7 7. d3 g6 8. c4 Bg7 9. f4 a6 10. Ba4 b5 11. f5 Bxf5 12. exf5 bxa4 13. Qxa4 Ne7 14. f6 Bxf6 15. Ne4 Nf5 16. Nf3 Bg7 17. Nxc5 Rc8 18. Bg5 f6 19. Ne6 Qe7 20. Nxg7+ Qxg7 21. Bd2 0-0 22. 0-0 Nc5 23. Qa3 e4 24. dxe4 Nxe4 25. b3 Rfe8 26. Bf4 Qa7 27. Kh1 d3 28. h3 Nfg3+ 29. Bxg3 Nxg3+ 30. Kh2 Nxf1+ 31. Rxf1 Qc7+ 32. Kg1 Qb6+ 33. Kh2 Re2 34. Qe7 Rxe7 0-1

[Event "Titled Tuesday intern op 26th Jan"]
[Site "Chess.com INT"]
[Date "2021.01.26"]
[Round "2"]
[White "Hristodorescu, Daniel"]
[Black "Garcia Garcia, Alejandro"]
[Result "1-0"]
[WhiteElo "2211"]
[BlackElo "2247"]
[PlyCount "109"]
[EventDate "2021.01.26"]
[EventType "swiss (blitz)"]
[EventRounds "11"]
[EventCountry "USA"]
[SourceTitle "CBM 200 Extra"]
[Source "ChessBase"]
[SourceDate "2021.03.31"]
[SourceVersion "1"]
[SourceVersionDate "2021.03.31"]
[SourceQuality "1"]

1. e4 c5 2. Nf3 e6 3. d3 Nc6 4. Nbd2 d5 5. g3 g6 6. Bg2 Bg7 7. 0-0 Nge7 8. c3 0-0 9. Qe2 b6 10. h4 Bb7 11. Re1 dxe4 12. dxe4 Ne5 13. Nxe5 Bxe5 14. Nf3 Bg7 15. Bf4 Qc8 16. Rad1 Rd8 17. h5 Nc6 18. hxg6 hxg6 19. Bg5 Rxd1 20. Rxd1 Ba6 21. Qe3 Qc7 22. Bh6 Rd8 23. Rxd8+ Qxd8 24. Bxg7 Kxg7 25. Qd2 Qd3 26. Qxd3 Bxd3 27. Nd2 Ne5 28. f4 Ng4 29. Bf3 Ne3 30. Kf2 Nc4 31. Nxc4 Bxc4 32. b3 Bd3 33. e5 a5 34. a3 g5 35. Ke3 Bb5 36. b4 gxf4+ 37. gxf4 cxb4 38. cxb4 axb4 39. axb4 Kg6 40. Be4+ Kh5 41. f5 Kg5 42. f6 Kg4 43. Kd4 Kf4 44. Bg6 Be8 45. Be4 Bb5 46. Bb7 Be8 47. Bc8 Bb5 48. Bxe6 Be8 49. Bd5 Kf5 50. Bc4 Kg6 51. Kd5 b5 52. Bd3+ Kg5 53. Kd6 Kf4 54. Ke7 Bc6 55. e6 1-0